Normal view MARC view
  • Cuerpo humano

Entry Materia

Number of records used in: 43

001 - NÚMERO DE CONTROL DEL REGISTRO

  • campo de control: 12325

003 - IDENTIFICADOR DE NUMERO DE CONTROL

  • campo de control: UPN

005 - FECHA Y HORA DE LA ÚLTIMA TRANSACCIÓN

  • campo de control: 20240227095627.0

008 - DATOS DE LONGITUD FIJA

  • campo de control de longitud fija: 240227na|acnnnbabn n ana |d

035 ## - NÚMERO DE CONTROL DEL SISTEMA

  • Número de control del sistema: UPN10000012332

040 ## - FUENTE DE LA CATALOGACIÓN

  • Lengua de catalogación: spa
  • Agencia de transcripción: MX-MxUPN
  • Centro catalogador de origen: MX-MxUPN

150 ## - ENCABEZAMIENTO - TEMÁTICO

  • Término de materia o nombre geográfico como elemento inicial: Cuerpo humano
  • Subdivisión de forma: Literatura infantil

670 ## - FUENTE EN LA QUE SE LOCALIZARON DATOS

  • Cita de la fuente: Autoridades BGTQ, 27 de febrero de 2024:
  • Información localizada: (Cuerpo humano-- literatura infantil)

902 ## - CATALOGADOR

  • Catalogador: MEEG/300804
  • Catalogador: MaríaRobles/270224